| 000 | 01017nam a22003017a 4500 | ||
|---|---|---|---|
| 001 | 4882 | ||
| 003 | FISKH | ||
| 005 | 20241022145449.0 | ||
| 008 | 241022b cb ||||| |||| 00| 0 eng d | ||
| 020 | _a9781338096965 | ||
| 040 |
_aFISKH _beng _cFISKH _dFISKH |
||
| 050 | _aPZ8.K46 | ||
| 082 | _a813.6 | ||
| 100 |
_aKetteman, Helen _d(1945-) |
||
| 245 |
_aGoodnight, little monster / _cby Helen Ketteman illustrated by Bonnie Leick |
||
| 250 | _aFirst printing in 2016 | ||
| 260 |
_aNew York : _bScholastic, _c2016. |
||
| 300 |
_a22 pages : _bColor illustrations ; _c22 cm |
||
| 505 | _aJ | ||
| 520 | _aRhyming text describes a mother guiding her young monster through bedtime preparations, such as howling at the moon, snacking on worm juice and beetle bread, and choosing a bedtime story. | ||
| 521 | 8 |
_a440L
_bLexile |
|
| 521 | 8 |
_aJ
_bRaz-Plus |
|
| 650 |
_2Picture book _aMonsters |
||
| 650 |
_2Family _aHalloween |
||
| 700 |
_aLeick, Bonnie _dIllustrator |
||
| 942 |
_2ddc _cBK _n0 |
||
| 999 |
_c4882 _d4882 |
||